01250nam a2200289Ia 4500003000900000008004100009020001800050040001600068080002100084111008400105245029700189260004200486300001400528490002600542500002600568650004100594650002000635650002200655650002200677700003200699700003500731700003700766710003800803942000700841999001500848952009700863IN-BaIIA211028s9999 xx 000 0 eng d a90-277-1273-5 cIIA Library a082.2:52bIAU-93 aInternational Astronomical Union Symposiumn93rdcJapand1980 July 22-25912961 0aFundamental problems in the theory of stellar evolutionbproceedings of the International Astronomical Union Symposium No.93 held at Kyoto University, Kyoto, Japan, July 22-25, 1980cedited by Daiichiro Sugimoto, Donald Q. Lamb and David N. Schramm  aDordrechtbD. Reidel Publishingc1981 axv, 347p. aIAU Symposium; no. 93 aDonated by Mrs. Bappu aAstronomy and Astrophysics Thesaurus aStar Formatiion aStellar Evolution aStellar Structure aLamb, Donald Q., ed.911853 aSchramm, David N., ed. 911149 aSugimoto, Daiichiro., ed.911854 aInternational Astronomical Union  cBK c7663d7663 00104070aBANbBANcGENd1983-07-26l0o082.2:52/ IAU-93p8477r2021-11-05w1983-07-26yBK